[Event "Hull CC XXVII anniversaire B"]
[Site "Gatineau CAN"]
[Date "2006.10.03"]
[Round "4"]
[White "Lacourse, Guy"]
[Black "Kennedy, Phillip"]
[Result "1-0"]
[WhiteElo "1681"]
[BlackElo "1296"]
[PlyCount "83"]
[EventDate "2006.09.12"]
[EventType "swiss"]
[EventRounds "5"]
[EventCountry "CAN"]

1. Nf3 c5 2. c4 e6 3. Nc3 Nc6 4. g3 Nf6 5. e3 g6 6. Bg2 Bg7 7. O-O O-O 8. d4 d6
9. dxc5 dxc5 10. Na4 b6 11. Ne5 Nxe5 12. Bxa8 Ba6 13. Qxd8 Rxd8 14. Bg2 Bxc4
15. Re1 Nd3 16. Rd1 Nd7 17. b3 Bxa1 18. bxc4 Nxc1 19. Rxc1 Bg7 20. Rd1 Bf6 21.
f4 Nf8 22. Rxd8 Bxd8 23. Bc6 Kg7 24. Nc3 f5 25. Bb7 Bf6 26. Nb5 a5 27. a4 g5
28. Bc8 gxf4 29. gxf4 Kg6 30. Nc7 e5 31. Nd5 exf4 32. exf4 h6 33. Kg2 Bd8 34.
Ne3 Kh5 35. Bxf5 Bc7 36. Kf3 Bd8 37. h3 Be7 38. Nf1 Bh4 39. Nd2 Be7 40. Ne4 Bh4
41. Nd6 Ng6 42. Bg4# 1-0

[Event "Hull CC XXVII anniversaire B"]
[Site "Gatineau CAN"]
[Date "2006.10.03"]
[Round "4"]
[White "Laferriere, Bruno"]
[Black "Rose, Richard"]
[Result "1-0"]
[WhiteElo "1770"]
[BlackElo "1787"]
[PlyCount "63"]
[EventDate "2006.09.12"]
[EventType "swiss"]
[EventRounds "5"]
[EventCountry "CAN"]

1. e4 c5 2. Nf3 Nc6 3. d4 cxd4 4. Nxd4 d6 5. Nc3 Nf6 6. Be2 g6 7. Be3 Bg7 8. f4
O-O 9. Qd2 a6 10. h3 Nxd4 11. Bxd4 b5 12. Bf3 Rb8 13. e5 b4 14. exf6 bxc3 15.
Qxc3 exf6 16. O-O Bf5 17. Rf2 d5 18. Re1 Rc8 19. Qb3 Rc4 20. c3 Qd6 21. Rfe2
Bh6 22. Qb7 Rc6 23. Re8 Bxf4 24. Rxf8+ Kxf8 25. Bxd5 Qxd5 26. Bxf6 Qd7 27. Qb4+
Bd6 28. Qh4 Kg8 29. Kh1 Rc8 30. Rd1 Qc6 31. Rd4 Re8 32. Qxh7+ 1-0

[Event "Hull CC XXVII anniversaire B"]
[Site "Gatineau CAN"]
[Date "2006.10.03"]
[Round "4"]
[White "Pilon, Robert"]
[Black "Jiang, Qizhe"]
[Result "1-0"]
[WhiteElo "1574"]
[BlackElo "920"]
[PlyCount "49"]
[EventDate "2006.09.12"]
[EventType "swiss"]
[EventRounds "5"]
[EventCountry "CAN"]

1. e4 e5 2. Nf3 Nc6 3. Bc4 Nf6 4. Ng5 d5 5. exd5 Na5 6. Bb5+ c6 7. dxc6 bxc6 8.
Ba4 h6 9. Nf3 e4 10. Qe2 Be7 11. Ne5 Bb7 12. d3 exd3 13. cxd3 O-O 14. O-O Ba6
15. Bc2 Bd6 16. Ng4 Nxg4 17. Qxg4 Bc8 18. Qf3 Bb7 19. Bd2 Qb6 20. Bxa5 Qxa5 21.
d4 Qb5 22. Qd3 Rfc8 23. Qh7+ Kf8 24. Re1 f6 25. Bb3 1-0

[Event "Hull CC XXVII anniversaire B"]
[Site "Gatineau CAN"]
[Date "2006.10.03"]
[Round "4"]
[White "Rainey, Ivan"]
[Black "Beland, Guy"]
[Result "1/2-1/2"]
[WhiteElo "1068"]
[BlackElo "1460"]
[PlyCount "48"]
[EventDate "2006.09.12"]
[EventType "swiss"]
[EventRounds "5"]
[EventCountry "CAN"]

1. e4 c5 2. d4 cxd4 3. c3 d5 4. Bb5+ Bd7 5. Bxd7+ Nxd7 6. exd5 Ngf6 7. Qxd4 g6
8. Nf3 Bg7 9. O-O O-O 10. c4 Nb6 11. Nc3 Nfxd5 12. Ne5 Nb4 13. Be3 Nc2 14. Qxd8
Raxd8 15. Bxb6 axb6 16. Rac1 Bxe5 17. Rxc2 Rd3 18. Re1 Rfd8 19. g3 f6 20. f4
Bd4+ 21. Kg2 Kf7 22. Ne2 Re3 23. Rd2 e5 24. fxe5 fxe5 1/2-1/2

[Event "Hull CC XXVII anniversaire B"]
[Site "Gatineau CAN"]
[Date "2006.10.03"]
[Round "4"]
[White "Scantland, Patrick"]
[Black "Chartrand, Jean Bruno"]
[Result "1-0"]
[WhiteElo "1624"]
[BlackElo "1885"]
[PlyCount "94"]
[EventDate "2006.09.12"]
[EventType "swiss"]
[EventRounds "5"]
[EventCountry "CAN"]

1. d4 Nf6 2. c4 g6 3. Nc3 d5 4. Nf3 Bg7 5. h3 O-O 6. cxd5 Nxd5 7. e4 Nxc3 8.
bxc3 c5 9. Bc4 Qc7 10. Bb3 Nc6 11. O-O Rd8 12. Be3 h6 13. Qc2 b6 14. Rad1 Ba6
15. c4 Nxd4 16. Nxd4 cxd4 17. Bc1 Rac8 18. Ba3 Bxc4 19. Bxc4 Qxc4 20. Qxc4 Rxc4
21. Bxe7 Re8 22. Bd6 Rxe4 23. Rd3 Re2 24. a3 Rcc2 25. Bb8 a6 26. Ba7 Rb2 27.
Bb8 a5 28. Bg3 b5 29. Rc1 b4 30. axb4 a4 31. Rc8+ Kh7 32. Rc7 Rb1+ 33. Kh2 Re6
34. Rxf7 Kg8 35. Rb7 g5 36. Bb8 Rb2 37. Kg3 Rc6 38. f3 Rc3 39. Rd1 Rbc2 40. Kg4
Rxg2+ 41. Kh5 Rb2 42. Kg6 Bf8 43. Rxd4 Rbc2 44. Rb6 Rxf3 45. Rd7 a3 46. Be5
Rcf2 47. Rh7 Rf6+ 1-0

[Event "Hull CC XXVII anniversaire B"]
[Site "Gatineau CAN"]
[Date "2006.10.02"]
[Round "4"]
[White "Thibault, Mario"]
[Black "Maisonneuve, Paul"]
[Result "1-0"]
[WhiteElo "1676"]
[BlackElo "1606"]
[PlyCount "57"]
[EventDate "2006.09.12"]
[EventType "swiss"]
[EventRounds "5"]
[EventCountry "CAN"]

1. Nf3 Nf6 2. b3 g6 3. Bb2 Bg7 4. e3 d5 5. c4 c6 6. Be2 O-O 7. O-O Nbd7 8. cxd5
cxd5 9. d4 Ne4 10. Nc3 Ndf6 11. Nd2 Nxc3 12. Bxc3 Bf5 13. Rc1 Rc8 14. Bb4 Qd7
15. a4 a6 16. Ba3 Rxc1 17. Bxc1 Rc8 18. f3 Bc2 19. Qe1 Qe6 20. Qf2 Rc3 21. e4
dxe4 22. fxe4 Nxe4 23. Nxe4 Bxe4 24. Bc4 Rxc4 25. bxc4 Qxc4 26. Be3 Qxa4 27.
Qxf7+ Kh8 28. Qxe7 h6 29. Qxe4 1-0

[Event "Hull CC XXVII anniversaire B"]
[Site "Gatineau CAN"]
[Date "2006.10.03"]
[Round "4"]
[White "Toulouse, Raphael"]
[Black "Levesque, Andre"]
[Result "0-1"]
[WhiteElo "1197"]
[BlackElo "1390"]
[PlyCount "100"]
[EventDate "2006.09.12"]
[EventType "swiss"]
[EventRounds "5"]
[EventCountry "CAN"]

1. d4 f5 2. Nf3 e6 3. Nc3 Nf6 4. Bf4 Be7 5. e3 O-O 6. Bd3 d6 7. O-O Nbd7 8. e4
fxe4 9. Nxe4 Nxe4 10. Qc1 Nef6 11. Re1 Nb6 12. Ng5 c6 13. Nxe6 Bxe6 14. Rxe6
Nbd5 15. Bd2 Nc7 16. Re2 a6 17. c4 c5 18. d5 b5 19. b3 a5 20. Qe1 Re8 21. Bg5
Qd7 22. f3 Bd8 23. h3 Rf8 24. g4 Kh8 25. Bf5 Qf7 26. Be6 Nxe6 27. dxe6 Qe7 28.
Rd1 b4 29. f4 Ra7 30. Red2 Bc7 31. f5 Kg8 32. Rd3 Raa8 33. Qe2 Kh8 34. h4 Rae8
35. Bf4 Rg8 36. g5 d5 37. cxd5 Bxf4 38. d6 Qa7 39. Qf2 Nh5 40. d7 Bg3 41. Qe3
Bf4 42. Qf3 c4+ 43. Qf2 Qxf2+ 44. Kxf2 cxd3 45. Rxd3 Ra8 46. e7 Bc7 47. Re3 Bb6
48. d8=Q Raxd8 49. Kf3 Bxe3 50. Kxe3 Rde8 0-1

[Event "Hull CC XXVII anniversaire B"]
[Site "Gatineau CAN"]
[Date "2006.10.10"]
[Round "4"]
[White "Villeneuve, Luc"]
[Black "Laurin, Marcel"]
[Result "1/2-1/2"]
[WhiteElo "1535"]
[BlackElo "1653"]
[PlyCount "72"]
[EventDate "2006.09.12"]
[EventType "swiss"]
[EventRounds "5"]
[EventCountry "CAN"]

1. Nf3 b6 2. e4 Bb7 3. d3 d6 4. a4 a6 5. c3 Nd7 6. Qb3 h6 7. a5 b5 8. Qc2 e6 9.
b4 Rc8 10. Ba3 c5 11. Qe2 cxb4 12. cxb4 Be7 13. g3 Bf6 14. Ra2 Ne7 15. Bg2 Nc6
16. O-O Nde5 17. Nxe5 Bxe5 18. f4 Bd4+ 19. Kh1 O-O 20. Rc1 Ba7 21. Rac2 Nd4 22.
Rxc8 Bxc8 23. Qd1 e5 24. Bb2 exf4 25. gxf4 Ne6 26. Qf3 Bb7 27. Qg3 Bd4 28. Nc3
Qf6 29. f5 Ng5 30. Nd5 Bxd5 31. Bxd4 Qxd4 32. exd5 Qxb4 33. h4 Nh7 34. Rg1 Qd4
35. Be4 Qe5 36. Qg4 Qf6 1/2-1/2

[Event "Hull CC XXVII anniversaire B"]
[Site "Gatineau CAN"]
[Date "2006.10.10"]
[Round "5"]
[White "Beland, Guy"]
[Black "Carrier, Simon"]
[Result "1-0"]
[WhiteElo "1460"]
[BlackElo "957"]
[PlyCount "61"]
[EventDate "2006.09.12"]
[EventType "swiss"]
[EventRounds "5"]
[EventCountry "CAN"]

1. e4 c5 2. Nf3 Nc6 3. d4 cxd4 4. Nxd4 Nxd4 5. Qxd4 Nf6 6. Nc3 e6 7. Bd3 Qa5 8.
Be3 b6 9. e5 Nh5 10. O-O Bc5 11. Qe4 Rb8 12. Qf3 g6 13. Bxc5 Qxc5 14. Rae1 Qb4
15. Ne4 O-O 16. Nf6+ Nxf6 17. Qxf6 Qxb2 18. Re3 Bb7 19. Rh3 Qxa2 20. Qg5 Ba6
21. Qh6 Rfc8 22. Qxh7+ Kf8 23. Bxg6 Ke7 24. Qxf7+ Kd8 25. Rh7 Qd5 26. Be4 Qd2
27. Qg8+ Kc7 28. Qxe6 Bxf1 29. Qc6+ Kd8 30. Rh8+ Ke7 31. Qf6# 1-0

[Event "Hull CC XXVII anniversaire B"]
[Site "Gatineau CAN"]
[Date "2006.10.10"]
[Round "5"]
[White "Chirokova, Elena"]
[Black "Pilon, Robert"]
[Result "0-1"]
[WhiteElo "1345"]
[BlackElo "1574"]
[PlyCount "63"]
[EventDate "2006.09.12"]
[EventType "swiss"]
[EventRounds "5"]
[EventCountry "CAN"]

1. e4 e6 2. Nf3 d5 3. e5 c5 4. d4 Nc6 5. c3 Qb6 6. Bd3 Bd7 7. Bc2 cxd4 8. cxd4
Nb4 9. Bb3 Ne7 10. O-O Nf5 11. Nc3 Be7 12. Ng5 h6 13. Qh5 g6 14. Qh3 Qxd4 15.
Re1 Qb6 16. a3 Nc6 17. Ba4 Kf8 18. b4 Kg7 19. Nf3 h5 20. Ng5 Qc7 21. Bxc6 Qxc6
22. Qd3 Rac8 23. Ne2 Qc2 24. Qf3 Rhf8 25. Be3 Nxe3 26. Qxe3 Bxg5 27. Qxg5 f6
28. exf6+ Rxf6 29. Nd4 Qxf2+ 30. Kh1 Qxd4 31. Rf1 Rcf8 32. Rfe1 0-1

[Event "Hull CC XXVII anniversaire B"]
[Site "Gatineau CAN"]
[Date "2006.10.10"]
[Round "5"]
[White "Dupont, Claude"]
[Black "Rainey, Ivan"]
[Result "1-0"]
[WhiteElo "1414"]
[BlackElo "1068"]
[PlyCount "121"]
[EventDate "2006.09.12"]
[EventType "swiss"]
[EventRounds "5"]
[EventCountry "CAN"]

1. e4 e5 2. Nf3 Nc6 3. Bb5 Nf6 4. d3 d6 5. Bg5 Bd7 6. Nbd2 Be7 7. O-O O-O 8. a3
a6 9. Bc4 Bg4 10. h3 Bxf3 11. Nxf3 h6 12. Bh4 Na5 13. Ba2 Nc6 14. b4 Re8 15. c4
b6 16. Qb3 Rf8 17. Rfe1 Qd7 18. Rad1 Nd8 19. a4 c5 20. b5 a5 21. Qb2 Ne6 22.
Bg3 Nd4 23. Nxd4 cxd4 24. Qe2 Rae8 25. f4 Bd8 26. f5 Nh7 27. Bb3 Bf6 28. Rd2
Bg5 29. Ra2 Qd8 30. Rf1 Be3+ 31. Bf2 Bxf2+ 32. Rxf2 Qg5 33. Qd2 Qg3 34. Rf3 Qh4
35. Qf2 Qg5 36. Rc2 Rc8 37. Rg3 Qf6 38. Rg4 h5 39. Rh4 g6 40. Qg3 Kg7 41. Rxh5
Kh8 42. Rh4 gxf5 43. exf5 Qxf5 44. Rf2 Qg6 45. Rg4 Qh5 46. Bd1 Qh6 47. Kh2 Rg8
48. Rxg8+ Rxg8 49. Qf3 Rf8 50. Qb7 Kg8 51. Qxb6 Qc1 52. Bh5 Qc3 53. Qxd6 Qxd3
54. Qd5 e4 55. Bxf7+ Kg7 56. Qe5+ Kh6 57. Qf4+ Ng5 58. Qh4+ Kg7 59. Qxg5+ Kh7
60. Qg6+ Kh8 61. Qh6# 1-0

[Event "Hull CC XXVII anniversaire B"]
[Site "Gatineau CAN"]
[Date "2006.10.10"]
[Round "5"]
[White "Guimond, Michel"]
[Black "Arsenault, Yves"]
[Result "1-0"]
[WhiteElo "1812"]
[BlackElo "1448"]
[PlyCount "75"]
[EventDate "2006.09.12"]
[EventType "swiss"]
[EventRounds "5"]
[EventCountry "CAN"]

1. e4 c5 2. Nf3 Nc6 3. d4 cxd4 4. Nxd4 Nf6 5. Nc3 e5 6. Ndb5 d6 7. Bg5 a6 8.
Bxf6 gxf6 9. Na3 f5 10. Qh5 fxe4 11. Bc4 Ne7 12. Qxf7+ Kd7 13. O-O-O Kc6 14.
Nxe4 Nf5 15. Kb1 Qe7 16. Qd5+ Kc7 17. Nc3 Kb8 18. Rhe1 Bd7 19. Qa5 Bg7 20. g4
Nh6 21. h3 Rc8 22. Qb4 Bf8 23. f4 Rc5 24. Bd5 Ra7 25. Nc4 Qd8 26. Nb6 a5 27.
Nxd7+ Qxd7 28. Qe4 Bg7 29. f5 a4 30. a3 Qc7 31. g5 Nf7 32. Bxf7 Qxf7 33. Rxd6
Bf8 34. Rd8+ Kc7 35. Red1 Be7 36. Qd3 Kb6 37. Rd7 Kc6 38. f6 1-0

[Event "Hull CC XXVII anniversaire B"]
[Site "Gatineau CAN"]
[Date "2006.10.10"]
[Round "5"]
[White "Jiang, Qizhe"]
[Black "Berthiaume, Serge"]
[Result "0-1"]
[WhiteElo "920"]
[BlackElo "1166"]
[PlyCount "82"]
[EventDate "2006.09.12"]
[EventType "swiss"]
[EventRounds "5"]
[EventCountry "CAN"]

1. e4 e5 2. Nf3 d6 3. Nc3 Nf6 4. Be2 Nc6 5. O-O Be7 6. b3 O-O 7. Ba3 Nd4 8. Bb2
Nxe2+ 9. Qxe2 Be6 10. d4 exd4 11. Nxd4 Bc8 12. Rfe1 c6 13. Ba3 Qa5 14. Bb2 Bd7
15. Nf5 Bxf5 16. exf5 Rfe8 17. Qf3 d5 18. Rad1 Ba3 19. Bxa3 Qxa3 20. Rxe8+ Rxe8
21. Rb1 Qe7 22. g3 Qb4 23. Kg2 d4 24. Na4 Qd2 25. Rd1 Qxc2 26. Rxd4 Qxa2 27.
Nc5 b6 28. Nb7 c5 29. Rd6 Kf8 30. Rd5 Nxd5 31. Qxd5 Qe2 32. Nd6 Qe7 33. Nxe8
Qxe8 34. Qd6+ Qe7 35. Qb8+ Qe8 36. Qxa7 Qc6+ 37. Kg1 b5 38. Qb8+ Ke7 39. Qe5+
Kf8 40. Qb8+ Qe8 41. Qxb5 Qxb5 0-1

[Event "Hull CC XXVII anniversaire B"]
[Site "Gatineau CAN"]
[Date "2006.10.10"]
[Round "5"]
[White "Kennedy, Phillip"]
[Black "Iyamuremye, Gervais"]
[Result "0-1"]
[WhiteElo "1296"]
[BlackElo "1500"]
[PlyCount "132"]
[EventDate "2006.09.12"]
[EventType "swiss"]
[EventRounds "5"]
[EventCountry "CAN"]

1. Nf3 Nf6 2. c4 e6 3. g3 Be7 4. Bg2 a6 5. Nc3 O-O 6. O-O d5 7. d4 dxc4 8. e4
c6 9. e5 Nd5 10. Qe2 b5 11. a3 h6 12. Ne4 Nd7 13. Bd2 c5 14. Rfd1 cxd4 15. Nxd4
Nxe5 16. Nc3 Nd3 17. Rab1 Bb7 18. b3 Nxc3 19. Bxc3 Bxg2 20. Kxg2 Qc7 21. Nf3
Bc5 22. Bd4 Bxd4 23. Nxd4 Qc5 24. bxc4 Qxd4 25. Rxd3 Qxc4 26. Rbd1 Rad8 27. Qe3
Rxd3 28. Rxd3 Qc7 29. Qd2 Qc5 30. h3 h5 31. Qd1 g6 32. h4 Rc8 33. Kh2 Qf5 34.
Rd8+ Rxd8 35. Qxd8+ Kg7 36. Qd2 a5 37. Qxa5 Qxf2+ 38. Kh3 Qb2 39. a4 Qa1 40.
Kg2 Qxa4 41. Qc3+ Kh7 42. Qc7 Qe4+ 43. Kf2 Qf5+ 44. Ke3 e5 45. Qb7 e4 46. Qxe4
Qxe4+ 47. Kxe4 Kg7 48. Kd4 Kf6 49. Kc5 Kf5 50. Kxb5 Kg4 51. Kc4 Kxg3 52. Kd3
Kxh4 53. Ke3 f5 54. Kf3 g5 55. Kg2 Kg4 56. Kh2 Kf3 57. Kh3 Ke2 58. Kg2 f4 59.
Kh3 f3 60. Kg3 f2 61. Kh2 f1=Q 62. Kg3 Qf4+ 63. Kh3 g4+ 64. Kh4 g3+ 65. Kh3 h4
66. Kg2 Qf1# 0-1

[Event "Hull CC XXVII anniversaire B"]
[Site "Gatineau CAN"]
[Date "2006.10.10"]
[Round "5"]
[White "Lacourse, Guy"]
[Black "Jani, Louis"]
[Result "1-0"]
[WhiteElo "1681"]
[BlackElo "1427"]
[PlyCount "123"]
[EventDate "2006.09.12"]
[EventType "swiss"]
[EventRounds "5"]
[EventCountry "CAN"]

1. Nf3 f5 2. d4 Nf6 3. g3 e6 4. Bg2 Be7 5. O-O O-O 6. c4 d5 7. b3 c6 8. Ba3
Nbd7 9. e3 Ne4 10. Bxe7 Qxe7 11. Nfd2 Ndf6 12. f3 Nd6 13. c5 Nf7 14. Nc3 e5 15.
Re1 e4 16. f4 Be6 17. b4 Ng4 18. h3 Nf6 19. Nf1 Nh6 20. Nh2 Qe8 21. Kf2 Qg6 22.
Rg1 Qe8 23. Bf1 Qd7 24. a4 Rf7 25. Be2 g6 26. Ke1 Rg7 27. b5 Kh8 28. g4 fxg4
29. hxg4 g5 30. f5 Bf7 31. Nf1 Nhg8 32. Ng3 h6 33. bxc6 bxc6 34. Rb1 Qc7 35.
Kd2 Rb8 36. Rxb8 Qxb8 37. Qb1 Qc7 38. Qb4 Ne7 39. a5 Rg8 40. a6 Rb8 41. Qa3 Kg7
42. Kc2 h5 43. gxh5 Kh6 44. Qa2 Nxh5 45. Nxh5 Bxh5 46. Rh1 Nxf5 47. Rxh5+ Kg6
48. Rh1 Nxe3+ 49. Kc1 Qf4 50. Bh5+ Kf6 51. Ne2 Qf2 52. Qa4 Rb5 53. Qa2 Nc4 54.
Kd1 Rb2 55. Qa4 Rb1+ 56. Kc2 Rxh1 57. Qxc6+ Kg7 58. Qg6+ Kf8 59. Qh6+ Ke7 60.
Qg7+ Kd8 61. Qxg5+ Kc7 62. Qe7+ 1-0

[Event "Hull CC XXVII anniversaire B"]
[Site "Gatineau CAN"]
[Date "2006.10.10"]
[Round "5"]
[White "Lamarche, Gilles"]
[Black "Villeneuve, Luc"]
[Result "0-1"]
[WhiteElo "1075"]
[BlackElo "1535"]
[PlyCount "44"]
[EventDate "2006.09.12"]
[EventType "swiss"]
[EventRounds "5"]
[EventCountry "CAN"]

1. e4 d6 2. Nc3 e5 3. Bc4 c6 4. a4 Be7 5. Nf3 Nf6 6. O-O O-O 7. Bb3 h6 8. d4
Qc7 9. h3 Be6 10. Ba2 a5 11. dxe5 dxe5 12. Bxe6 fxe6 13. b3 Na6 14. Bb2 Nh7 15.
Ne2 Rxf3 16. gxf3 Ng5 17. Kg2 Rf8 18. Ng1 Rf4 19. Bc1 Rh4 20. Kg3 Bf6 21. Kxh4
Nxe4+ 22. Kg4 h5+ 0-1

[Event "Hull CC XXVII anniversaire B"]
[Site "Gatineau CAN"]
[Date "2006.10.10"]
[Round "5"]
[White "Laurin, Marcel"]
[Black "Blouin, Francois"]
[Result "0-1"]
[WhiteElo "1653"]
[BlackElo "1561"]
[PlyCount "90"]
[EventDate "2006.09.12"]
[EventType "swiss"]
[EventRounds "5"]
[EventCountry "CAN"]

1. d4 Nf6 2. c4 e6 3. a3 b6 4. Nc3 Bb7 5. Bf4 a6 6. Rc1 Be7 7. Nf3 O-O 8. d5 d6
9. e4 e5 10. Be3 c5 11. Bd3 Ng4 12. Bd2 Bh4 13. g3 Be7 14. h3 Nf6 15. Kf1 Bc8
16. Kg2 h6 17. Ne2 Nh7 18. Qc2 Ng5 19. Bxg5 Bxg5 20. Rcf1 Bd7 21. Nxg5 Qxg5 22.
f4 exf4 23. Rxf4 Qe5 24. Rhf1 Bc8 25. Ng1 Nd7 26. Nf3 Qe7 27. e5 Nxe5 28. Nxe5
Qxe5 29. Rxf7 Rxf7 30. Bh7+ Kf8 31. Rxf7+ Kxf7 32. Bg6+ Ke7 33. Qf2 Bxh3+ 34.
Kxh3 Rf8 35. Qc2 Rf3 36. Qg2 Qe3 37. Bh5 Rf2 38. Qg1 Qd2 39. Bg4 Kf6 40. b4 g6
41. bxc5 bxc5 42. Be6 h5 43. Qa1+ Qd4 44. Qe1 Qb2 45. Qg1 g5 0-1

[Event "Hull CC XXVII anniversaire B"]
[Site "Gatineau CAN"]
[Date "2006.10.10"]
[Round "5"]
[White "Maisonneuve, Paul"]
[Black "Levesque, Andre"]
[Result "1-0"]
[WhiteElo "1606"]
[BlackElo "1390"]
[PlyCount "83"]
[EventDate "2006.09.12"]
[EventType "swiss"]
[EventRounds "5"]
[EventCountry "CAN"]

1. d4 f5 2. Bf4 e6 3. e3 Nf6 4. Nf3 Be7 5. h3 O-O 6. Be2 d6 7. O-O Nbd7 8. c4
Nb6 9. Nc3 c6 10. Rc1 a5 11. Na4 Nxa4 12. Qxa4 Bd7 13. Qb3 b5 14. cxb5 cxb5 15.
Bxb5 Rb8 16. a4 Nd5 17. Qc4 Nxf4 18. exf4 Rf6 19. Rfe1 Rc8 20. Qe2 Bxb5 21.
Qxb5 Rb8 22. Qe2 Rb4 23. Ng5 Rxd4 24. Nxe6 Re4 25. Nxd8 Rxe2 26. Rxe2 Bxd8 27.
Re8+ Rf8 28. Rxf8+ Kxf8 29. Rc8 Ke7 30. Ra8 Bb6 31. Rb8 Bc7 32. Rb7 Kd7 33. b4
Kc6 34. Rxc7+ Kxc7 35. b5 d5 36. Kf1 Kb6 37. Ke2 g6 38. Kd3 Kc5 39. f3 h6 40.
g3 g5 41. fxg5 hxg5 42. h4 1-0

[Event "Hull CC XXVII anniversaire B"]
[Site "Gatineau CAN"]
[Date "2006.10.10"]
[Round "5"]
[White "Rose, Richard"]
[Black "Dallaire, Dominic"]
[Result "0-1"]
[WhiteElo "1787"]
[BlackElo "1798"]
[PlyCount "66"]
[EventDate "2006.09.12"]
[EventType "swiss"]
[EventRounds "5"]
[EventCountry "CAN"]

1. e4 e6 2. d4 d5 3. e5 c5 4. c3 Nc6 5. Bb5 Qb6 6. a4 cxd4 7. cxd4 Bb4+ 8. Nc3
Nge7 9. Qg4 O-O 10. Bxc6 bxc6 11. Nge2 Ba6 12. O-O Nf5 13. Rd1 c5 14. a5 Qc7
15. Bf4 Rab8 16. dxc5 Bxa5 17. Nd4 Nxd4 18. Rxd4 Rxb2 19. Bh6 Qxe5 20. Na4 Ra2
21. Qd1 Be2 22. Qc1 Bc7 23. Bf4 Qxd4 24. Rxa2 Bxf4 25. Qc2 Qd1+ 26. Qxd1 Bxd1
27. Nc3 Bb3 28. Rxa7 h6 29. Rb7 Bc4 30. Na4 Ra8 31. g3 Rxa4 32. gxf4 d4 33. c6
Ra1+ 0-1

[Event "Hull CC XXVII anniversaire B"]
[Site "Gatineau CAN"]
[Date "2006.10.10"]
[Round "5"]
[White "Scantland, Patrick"]
[Black "Thibault, Mario"]
[Result "1-0"]
[WhiteElo "1624"]
[BlackElo "1676"]
[PlyCount "81"]
[EventDate "2006.09.12"]
[EventType "swiss"]
[EventRounds "5"]
[EventCountry "CAN"]

1. d4 Nf6 2. c4 e6 3. Nc3 Bb4 4. Nf3 O-O 5. Bg5 h6 6. Bh4 c5 7. e3 g5 8. Bg3
Ne4 9. Qc2 Bxc3+ 10. bxc3 Nxg3 11. hxg3 Kg7 12. Bd3 d6 13. Qe2 Nc6 14. Nd2 e5
15. d5 Ne7 16. Qh5 Rh8 17. Qf3 Ng8 18. Bf5 Nf6 19. g4 Qa5 20. e4 b6 21. a4 Qa6
22. O-O Bd7 23. Bxd7 Nxd7 24. Qe2 Qc8 25. f3 Nf6 26. Kf2 Kf8 27. Rh1 Ke7 28.
Nf1 h5 29. Ne3 Kd7 30. Nf5 hxg4 31. Qb2 gxf3 32. Qb5+ Kc7 33. Qc6+ Kb8 34.
Qxd6+ Kb7 35. Qxf6 Ka6 36. a5 Rxh1 37. Rxh1 fxg2 38. Kxg2 Qd7 39. Ra1 Kb7 40.
a6+ Kb8 41. Rh1 1-0

[Event "Hull CC ch A"]
[Site "Gatineau CAN"]
[Date "2006.02.21"]
[Round "1"]
[White "Gagnon, Fabien"]
[Black "Groleau, Gilles"]
[Result "1/2-1/2"]
[WhiteElo "2015"]
[BlackElo "1975"]
[PlyCount "69"]
[EventDate "2006.02.08"]
[EventType "tourn"]
[EventRounds "5"]
[EventCountry "CAN"]

1. e4 c5 2. Nf3 e6 3. d4 cxd4 4. Nxd4 Nf6 5. Nc3 d6 6. Be2 Be7 7. O-O a6 8. Be3
Qc7 9. f4 Nc6 10. Nb3 b5 11. a3 O-O 12. Bf3 Bb7 13. Qe2 Rac8 14. Rad1 Rfe8 15.
g4 b4 16. axb4 Nxb4 17. g5 Nd7 18. Qf2 d5 19. exd5 exd5 20. Nxd5 Bxd5 21. Bxd5
Qxc2 22. Qxc2 Rxc2 23. Bxf7+ Kxf7 24. Rxd7 Rxb2 25. Nd4 Rd8 26. Ra7 Nd5 27. Bc1
Ra2 28. f5 Kg8 29. Ne6 Rc8 30. Re1 Rcc2 31. Ra8+ Kf7 32. Nd8+ Bxd8 33. Rxd8
Rg2+ 34. Kh1 Rxh2+ 35. Kg1 1/2-1/2

[Event "Hull CC ch A"]
[Site "Gatineau CAN"]
[Date "2006.02.21"]
[Round "1"]
[White "Mai, Lloyd"]
[Black "Arsenault, Michel"]
[Result "0-1"]
[WhiteElo "2023"]
[BlackElo "1980"]
[PlyCount "68"]
[EventDate "2006.02.08"]
[EventType "tourn"]
[EventRounds "5"]
[EventCountry "CAN"]

1. e4 c5 2. Nf3 e6 3. d4 cxd4 4. Nxd4 Nf6 5. Bd3 Nc6 6. Be3 Qc7 7. O-O a6 8.
Nb3 d6 9. f4 Be7 10. Qf3 O-O 11. N1d2 Rb8 12. g4 b6 13. Rf2 Nd7 14. g5 g6 15.
h4 Nb4 16. Nf1 Nc5 17. Nxc5 bxc5 18. b3 d5 19. Rh2 c4 20. Be2 d4 21. Bxd4 Nxc2
22. Be5 Qb6+ 23. Kh1 Nxa1 24. Bxb8 cxb3 25. Be5 b2 26. Bd3 b1=Q 27. Bxb1 Qxb1
28. Rb2 Qc1 29. h5 f6 30. Bc3 fxg5 31. hxg6 hxg6 32. f5 g4 33. Qxg4 Qxc3 34.
Rg2 Qf6 0-1

[Event "Hull CC ch A"]
[Site "Gatineau CAN"]
[Date "2006.02.21"]
[Round "1"]
[White "Pepin, Christian"]
[Black "Forget, David"]
[Result "1/2-1/2"]
[WhiteElo "2058"]
[BlackElo "1969"]
[PlyCount "29"]
[EventDate "2006.02.08"]
[EventType "tourn"]
[EventRounds "5"]
[EventCountry "CAN"]

1. e4 e6 2. d4 d5 3. exd5 exd5 4. Bd3 Nc6 5. c3 Bd6 6. Qf3 Nf6 7. h3 O-O 8. Ne2
Re8 9. O-O Ne4 10. Bf4 Qf6 11. Na3 a6 12. Rfe1 Bf5 13. Bxd6 Nxd6 14. Ng3 Bxd3
15. Qxd3 1/2-1/2

[Event "Hull CC ch A"]
[Site "Gatineau CAN"]
[Date "2006.02.28"]
[Round "2"]
[White "Arsenault, Michel"]
[Black "Gagnon, Fabien"]
[Result "1-0"]
[WhiteElo "1980"]
[BlackElo "2015"]
[PlyCount "65"]
[EventDate "2006.02.08"]
[EventType "tourn"]
[EventRounds "5"]
[EventCountry "CAN"]

1. c4 c6 2. g3 g6 3. Bg2 Bg7 4. e4 d6 5. Ne2 e5 6. Nbc3 Ne7 7. O-O O-O 8. d3
Nd7 9. Be3 f5 10. Qd2 f4 11. gxf4 Nf6 12. fxe5 Ng4 13. Bg5 Nxe5 14. f3 Be6 15.
Rad1 Nf7 16. Be3 Qd7 17. b3 Bh3 18. d4 Bxg2 19. Kxg2 h6 20. h3 g5 21. Ng3 Nd8
22. Nce2 Nf7 23. Rf2 Rae8 24. Rdf1 b6 25. Nh5 Ng6 26. Neg3 Nh4+ 27. Kh2 Bh8 28.
f4 gxf4 29. Bxf4 Qe6 30. Qe3 Bg7 31. Nxg7 Kxg7 32. Nh5+ Kg8 33. Bg3 1-0

[Event "Hull CC ch A"]
[Site "Gatineau CAN"]
[Date "2006.02.28"]
[Round "2"]
[White "Forget, David"]
[Black "Groleau, Gilles"]
[Result "1-0"]
[WhiteElo "1969"]
[BlackElo "1975"]
[PlyCount "49"]
[EventDate "2006.02.08"]
[EventType "tourn"]
[EventRounds "5"]
[EventCountry "CAN"]

1. d4 Nf6 2. c4 e6 3. Nc3 Bb4 4. Bg5 c5 5. d5 Qa5 6. Bd2 d6 7. a3 Bxc3 8. Bxc3
Qd8 9. e3 O-O 10. Bd3 e5 11. Ne2 Bg4 12. f3 Bh5 13. h4 Nbd7 14. g4 Bg6 15. Bxg6
fxg6 16. Ng3 Qe7 17. Qe2 e4 18. f4 a6 19. g5 Ne8 20. h5 b5 21. hxg6 hxg6 22.
cxb5 axb5 23. Qh2 b4 24. Qh7+ Kf7 25. Nf5 1-0

[Event "Hull CC ch A"]
[Site "Gatineau CAN"]
[Date "2006.02.28"]
[Round "2"]
[White "Pepin, Christian"]
[Black "Mai, Lloyd"]
[Result "1/2-1/2"]
[WhiteElo "2058"]
[BlackElo "2023"]
[PlyCount "101"]
[EventDate "2006.02.08"]
[EventType "tourn"]
[EventRounds "5"]
[EventCountry "CAN"]

1. e4 c5 2. Nf3 d6 3. c3 Nf6 4. Qc2 g6 5. d4 Bg7 6. Bb5+ Bd7 7. Bxd7+ Nbxd7 8.
O-O O-O 9. e5 Nd5 10. Qe4 e6 11. c4 N5b6 12. Bg5 d5 13. cxd5 exd5 14. Qh4 f6
15. exf6 Bxf6 16. dxc5 Nxc5 17. Nc3 Ne6 18. Bxf6 Qxf6 19. Qxf6 Rxf6 20. Rad1
Rd8 21. Nd4 Kf7 22. Nxe6 Rxe6 23. Rfe1 Rxe1+ 24. Rxe1 d4 25. Ne4 Na4 26. Re2
Rd7 27. Rd2 Ke6 28. f3 Ke5 29. b3 Nb6 30. Nc5 Rc7 31. Nd3+ Kd5 32. Kf2 Re7 33.
h4 a5 34. g4 a4 35. Kg3 axb3 36. axb3 Re8 37. Nf4+ Kc5 38. h5 gxh5 39. Nxh5 Nd5
40. Ng7 Re3 41. Nf5 Rxb3 42. Nxd4 Rc3 43. Ne6+ Kd6 44. Nf4 Rc5 45. Nxd5 Rxd5
46. Rh2 b5 47. Rxh7 b4 48. Rb7 Rd4 49. Rb8 Kc7 50. Rb5 Kc6 51. Rb8 1/2-1/2